000 00700nam a2200217Ii 4500
003 JO-AjNU
008 230606s9999||||xx |||||||||||||| ||und||
020 _a0-07-057305-0
040 _aJO-AjNU
_beng
_erda
_cJO-AjNU
041 _aeng
050 1 4 _aHF5635 .S5529 1984
100 3 _aShim, Jae K / Siegel, Joel G,
_eauthor
_93209
245 0 0 _aSchaum's Outline of Theory and Problems of Managerial Accounting
264 3 1 _aNew York: McGraw-Hill,1984
300 _a296p
_b Includes indexes(p292-296)
336 _atext
_btxt
_2rdacontent
337 _aunmediated
_bn
_2rdamedia
338 _avolume
_bnc
_2rdacarrier
490 0 _aSchaum's outline series
650 4 _aManagerial accounting
_93210
999 _aE1680
_c1680
_d1680